000 00871cam a22002531 4500
001 g 01001415
003 DLC
005 20260227111254.0
008 930121s1900 gw a b 000 0 ger
010 _ag 01001415
035 _a(OCoLC)27303890
040 _aDLC
_cCU
_dCU
_dDLC
050 0 0 _aHB41
_b.S7 bd. 17, heft 3
100 1 _aHuman, Arthur Alfred.
245 1 4 _aDer deutsch-russische handels- und schiffahrtsvertrag vom 20. märz 1894.
_cVon Arthur Human.
260 _aLeipzig,
_bDuncker & Humblot,
_c1900.
300 _a4 p. l., 94 p. incl. tables.
_c23 cm.
440 0 _aStaats- und socialwissenschaftliche forschungen,
_v17. bd. 3. hft.[i.e. 75. Hft.]
504 _a"Litteraturangabe": 4th preliminary leaf.
650 0 _aTariff
_zGermany.
650 0 _aTariff
_zRussia.
651 0 _aGermany
_xCommerce
_zRussia.
651 0 _aRussia
_xCommerce
_zGermany.
999 _c23736
_d23736